[Event "Challenge"]
[Site "http://www.queenalice.com/game.php?id=720047"]
[Date "2010.1.25"]
[Round "-"]
[White "APSHOOTER"]
[Black "gomonkey"]
[Result "1-0"]
[WhiteElo "1684"]
[BlackElo "1634"]

1. e4 c5 2. e5 d6 3. Nf3 d5 4. Bb5+ Bd7 5. Nc3 d4 6. Bxd7+ Qxd7 7. Ne4 Qd5 8.
Qe2 a6 9. d3 h6 10. c4 Qc6 11. O-O b5 12. b3 b4 13. Bf4 e6 14. Nd6+ Bxd6 15.
exd6 Kd7 16. Rfe1 Qc8 17. Ne5+ Ke8 18. Qe4 Ra7 19. d7+ Nxd7 20. Nxf7 Kxf7 21.
Qxe6+ Kf8 22. Bd6+ 1-0

[Event "Challenge"]
[Site "http://www.queenalice.com/game.php?id=722885"]
[Date "2010.1.30"]
[Round "-"]
[White "gomonkey"]
[Black "BobySponja"]
[Result "0-1"]
[WhiteElo "1634"]
[BlackElo "1701"]

1. e4 d5 2. e5 e6 3. d4 Nc6 4. Nf3 Be7 5. Bb5 Bd7 6. a3 h5 7. h4 Nh6 8. Qd3 Nf5
9. Bg5 Bxg5 10. hxg5 g6 11. g4 Ng7 12. Nbd2 Qe7 13. Nf1 O-O-O 14. c4 Kb8 15. c5
hxg4 16. Nh4 Qxg5 17. Qe3 Qxe3+ 18. Nxe3 Nxd4 19. Bd3 Nf3+ 20. Ke2 Nxh4 21. Nxg4
Ngf5 22. Rh3 Nd4+ 23. Ke3 Ng2+ 24. Kxd4 Rxh3 25. Bf1 Rh1 26. Ne3 Nxe3 27. fxe3
Bb5 28. Rc1 Rxf1 29. Rxf1 Bxf1 0-1

[Event "QA-ANNIV-05"]
[Site "http://www.queenalice.com/game.php?id=723784"]
[Date "2010.2.1"]
[Round "3"]
[White "Tentarius"]
[Black "gomonkey"]
[Result "1-0"]
[WhiteElo "2161"]
[BlackElo "1650"]

1. d4 Nf6 2. c4 e6 3. a3 d5 4. e3 Be7 5. Nf3 O-O 6. Bd3 dxc4 7. Bxc4 Bd7 8. O-O
b5 9. Bd3 c6 10. Nc3 a6 11. e4 h6 12. h3 Re8 13. Be3 Qb6 14. b4 a5 15. d5 c5 16.
d6 c4 17. Bxb6 a4 18. Bc2 Bf8 19. e5 Nh5 20. Nd4 Nf4 21. Qf3 Na6 22. Qxf4 Nxb4
23. axb4 a3 24. Qe4 1-0

[Event "Let's Play Chess!"]
[Site "http://www.queenalice.com/game.php?id=730616"]
[Date "2010.2.12"]
[Round "-"]
[White "gomonkey"]
[Black "charles31"]
[Result "0-1"]
[WhiteElo "1611"]
[BlackElo "1661"]

1. e4 e5 2. Nf3 d6 3. h3 a6 4. d4 exd4 5. Qxd4 Nc6 6. Qa4 Bd7 7. e5 Nxe5 8. Qb3
Nxf3+ 9. Qxf3 Bc6 10. Qf4 Nf6 11. Nc3 Qe7+ 12. Be3 Qe6 13. O-O-O h6 14. Bd2 Be7
15. Bc4 Qd7 16. Rhe1 b5 17. Rxe7+ Kxe7 18. Re1+ Kd8 19. f3 bxc4 20. b3 cxb3 21.
cxb3 a5 22. a4 Re8 23. Ne4 Bxe4 24. fxe4 Qc6+ 25. Kb2 Rxe4 0-1

[Event "Let's Play Chess!"]
[Site "http://www.queenalice.com/game.php?id=730617"]
[Date "2010.2.12"]
[Round "-"]
[White "gomonkey"]
[Black "constantin"]
[Result "0-1"]
[WhiteElo "1630"]
[BlackElo "1829"]

1. e4 e5 2. Nf3 Nc6 3. d4 exd4 4. Nxd4 Nxd4 5. Qxd4 Qf6 6. e5 Qe7 7. a3 Qe6 8.
Bc4 Qc6 9. O-O Bc5 10. Qg4 Qg6 11. Qf4 h6 12. Re1 Ne7 13. Nc3 c6 14. Na4 Bb6 15.
Bd2 Bc7 16. Re4 b5 17. Bxf7+ Qxf7 18. Qxf7+ Kxf7 19. Nc5 Bb6 20. Be3 Bxc5 21.
Bxc5 Nd5 22. f4 Re8 23. f5 Bb7 24. Rae1 Kg8 25. g4 a5 26. e6 dxe6 27. Rxe6 Rxe6
28. Rxe6 Nf6 29. h3 Re8 30. Rd6 Ne4 31. h4 Nxd6 32. Bxd6 Re4 33. g5 hxg5 34.
hxg5 Bc8 35. f6 Rg4+ 36. Kf2 Rxg5 37. Be7 gxf6 38. Bxf6 Rf5+ 39. Ke3 Rxf6 40.
Ke4 Kf7 41. Kd4 Rf5 42. c4 bxc4 43. Kxc4 Kf6 44. b4 Be6+ 45. Kd4 axb4 46. axb4
Rd5+ 47. Ke4 Rb5 0-1

[Event "Challenge"]
[Site "http://www.queenalice.com/game.php?id=731295"]
[Date "2010.2.13"]
[Round "-"]
[White "gomonkey"]
[Black "APSHOOTER"]
[Result "0-1"]
[WhiteElo "1623"]
[BlackElo "1735"]

1. e4 e5 2. Nf3 d6 3. h3 a6 4. Nc3 Nf6 5. d4 Nc6 6. d5 Nb8 7. Bc4 Nbd7 8. Be3 g6
9. Ng5 Nb6 10. Bb3 Bg7 11. O-O Bd7 12. Bxb6 cxb6 13. f4 Bh6 14. Qf3 Qe7 15. h4
Bxg5 16. fxg5 Nh5 17. g4 Nf4 18. Ne2 Bxg4 19. Qxg4 Nxe2+ 20. Qxe2 Qc7 21. Rf6
O-O-O 22. Rf3 Kb8 23. Raf1 Rhf8 24. R1f2 Qc5 25. Qf1 b5 26. Kg2 Rd7 27. Rxf7
Rfxf7 28. Rxf7 Rxf7 29. Qxf7 Qc7 30. Qxc7+ Kxc7 31. c3 Kb6 32. a4 bxa4 33. Bxa4
Kc5 34. b3 b5 35. b4+ Kc4 36. Bd1 Kxc3 37. h5 gxh5 38. Bxh5 Kxb4 39. Bf7 Kc4 40.
Bg8 b4 41. Bxh7 b3 42. g6 b2 43. g7 b1=Q 44. g8=Q Qb2+ 45. Kf3 Kd3 46. Qg2 Qxg2+
47. Kxg2 a5 48. Bf5 a4 49. Bd7 a3 50. Bb5+ Kc3 51. Kg3 a2 52. Kg4 a1=Q 53. Kf5
Kd4 54. Ke6 Kxe4 55. Kxd6 Qa3+ 56. Ke6 Qc5 57. d6 Qd5+ 58. Ke7 Qxb5 59. d7 Qxd7+
60. Kxd7 Kd5 0-1

[Event "Challenge"]
[Site "http://www.queenalice.com/game.php?id=737534"]
[Date "2010.2.25"]
[Round "-"]
[White "colatina"]
[Black "gomonkey"]
[Result "1-0"]
[WhiteElo "1677"]
[BlackElo "1637"]

1. e4 c5 2. c3 e5 3. d4 Qf6 4. Nf3 h6 5. dxe5 Qe6 6. b3 f6 7. Bc4 Qg4 8. O-O
fxe5 9. Nxe5 Qxe4 10. Re1 Qh7 11. Nf7+ Be7 12. Nxh8 Qxh8 13. Qh5+ Kd8 14. Bg5
Nf6 15. Qf7 Qf8 16. Qxf8+ Bxf8 17. Bxf6+ gxf6 18. Nd2 d6 19. Ne4 Be7 20. Rad1
Kc7 21. Nxc5 Bd8 22. Ne6+ Bxe6 23. Rxe6 Kc8 24. Rdxd6 Nd7 25. Bb5 Nc5 26. Re8
Kc7 27. Rxf6 Nd7 28. Rf7 1-0

[Event "Spring Fling"]
[Site "http://www.queenalice.com/game.php?id=743571"]
[Date "2010.3.9"]
[Round "-"]
[White "Sigmund"]
[Black "gomonkey"]
[Result "1-0"]
[WhiteElo "1698"]
[BlackElo "1604"]

1. e4 e5 2. Bc4 Nf6 3. Nc3 c6 4. a3 d5 5. exd5 cxd5 6. Ba2 Nc6 7. d3 a6 8. h3 d4
9. Ne4 Nxe4 10. dxe4 Qh4 11. Qf3 f6 12. g3 Bg4 13. hxg4 Qxh1 14. Qxh1 g6 15. Qh4
Ke7 16. Bd2 Bg7 17. g5 Rad8 18. O-O-O b5 19. f4 a5 20. Nf3 Rc8 21. Qg4 Nd8 22.
Qxc8 Ne6 23. Qxe6+ Kf8 24. Qf7# 1-0

[Event "Challenge"]
[Site "http://www.queenalice.com/game.php?id=749510"]
[Date "2010.3.21"]
[Round "-"]
[White "gomonkey"]
[Black "denaultj"]
[Result "1-0"]
[WhiteElo "1611"]
[BlackElo "1725"]

1. e4 e5 2. Nf3 Nf6 3. d3 Bc5 4. Be3 Bxe3 5. fxe3 Ng4 6. Qd2 d6 7. d4 d5 8. Qd3
Qf6 9. dxe5 Nxe5 10. Nxe5 Qxe5 11. Nc3 dxe4 12. Qd5 Qe6 13. Rd1 Qxd5 14. Nxd5
Na6 15. Bxa6 O-O 16. Bc4 Bg4 17. Rd4 g6 18. Nf6+ Kg7 19. Nxg4 1-0

[Event "Challenge"]
[Site "http://www.queenalice.com/game.php?id=751508"]
[Date "2010.3.25"]
[Round "-"]
[White "colatina"]
[Black "gomonkey"]
[Result "1-0"]
[WhiteElo "1672"]
[BlackElo "1632"]

1. e4 Nc6 2. Nf3 e5 3. Bb5 Qf6 4. Bxc6 Qxc6 5. Nc3 Nf6 6. Nxe5 Qc5 7. Nd3 Qd4 8.
e5 Ne4 9. Nb5 Bc5 10. Nxd4 Bxd4 11. Qg4 f5 12. Qxf5 Nf6 13. exf6 Bxf6 14. Qh5+
Ke7 15. Ne5 g6 16. Qe2 Re8 17. d4 d6 18. O-O dxe5 19. dxe5 Bg7 20. Re1 Be6 21.
Bg5+ Kf8 22. Bf6 Bxf6 23. exf6 Bxa2 24. Qxe8+ Rxe8 25. Rxe8+ Kxe8 26. Rxa2 c5
27. Rxa7 Kf7 28. Rxb7+ 1-0

[Event "Challenge"]
[Site "http://www.queenalice.com/game.php?id=756599"]
[Date "2010.4.5"]
[Round "-"]
[White "denaultj"]
[Black "gomonkey"]
[Result "1-0"]
[WhiteElo "1773"]
[BlackElo "1599"]

1. e4 c5 2. Bc4 e5 3. Nf3 Qf6 4. a3 d6 5. h3 a6 6. Nc3 Ne7 7. d3 Be6 8. Bg5 Qg6
9. b4 b5 10. Bxe6 fxe6 11. Ne2 h6 12. Bxe7 Bxe7 13. O-O Rf8 14. Nc3 Nc6 15. Qb1
Rxf3 16. Kh2 Rf4 17. Ne2 Rh4 18. a4 a5 19. c3 Rb8 20. Ng3 d5 21. exd5 exd5 22.
Qe1 e4 23. dxe4 dxe4 24. Qe2 Ne5 25. Kg1 c4 26. axb5 Rxb5 27. Rxa5 Rxa5 28. bxa5
Bd6 29. Qe3 Nd3 30. a6 Bc5 31. a7 Qc6 32. Ra1 Bxe3 33. a8=Q+ Qxa8 34. Rxa8+ Kf7
35. fxe3 Nb2 36. Nf5 Rh5 37. Nd6+ Ke6 38. Nxe4 Re5 39. Nd2 Kf5 40. Ra2 Nd1 41.
Nxc4 1-0

[Event "Challenge"]
[Site "http://www.queenalice.com/game.php?id=756684"]
[Date "2010.4.5"]
[Round "-"]
[White "Xmen"]
[Black "gomonkey"]
[Result "0-1"]
[WhiteElo "1858"]
[BlackElo "1576"]

1. e4 c5 2. Nf3 Nf6 3. e5 Ng4 4. d4 e6 5. h3 Nh6 6. Ng5 Nf5 7. d5 h6 8. Ne4 Qh4
9. Qf3 Nd4 10. Nd6+ Bxd6 11. Qd3 Bxe5 12. g3 Qf6 13. f4 Bd6 14. dxe6 Qxe6+ 15.
Be3 Nbc6 16. c3 c4 17. Qe2 Nxe2 18. Kxe2 Qe4 19. Rg1 Qc2+ 20. Kf3 Qxb2 21. Bxc4
Qxa1 22. Rd1 Be7 23. g4 Ba3 24. Re1 O-O 25. Bb3 Na5 26. Bd5 Re8 27. h4 d6 28. g5
h5 29. Be4 Qxa2 30. Bd4 Bg4+ 31. Kg3 Bc5 32. Bxc5 dxc5 33. g6 fxg6 34. Rd1 Rxe4
35. Nd2 Re3+ 36. Kf2 Re2+ 37. Kf1 Rxd2 0-1

[Event "Challenge"]
[Site "http://www.queenalice.com/game.php?id=756685"]
[Date "2010.4.5"]
[Round "-"]
[White "gomonkey"]
[Black "Xmen"]
[Result "1-0"]
[WhiteElo "1603"]
[BlackElo "1880"]

1. e4 Nc6 2. d4 e5 3. d5 Nd4 4. c3 Bc5 5. cxd4 Bxd4 6. Qf3 d6 7. Ne2 c5 8. Nbc3
h6 9. Be3 Qb6 10. Bd2 g5 11. b3 h5 12. Bxg5 Bg4 13. Qg3 Bxe2 14. Bxe2 f6 15.
Bxf6 Nxf6 16. Qg6+ Kd8 17. Qxf6+ Kc7 18. Nb5+ Qxb5 19. Bxb5 Bxa1 20. Qe7+ Kb6
21. a4 Bc3+ 22. Ke2 a6 23. Qxd6+ Ka5 24. Qxc5 Bb4 25. Qc7+ b6 26. Qc6 Rac8 27.
Qb7 Ra8 28. Bc4 Rhb8 29. Qc7 Rc8 30. Qxe5 Re8 31. Qxh5 Bc5 32. Qf3 Bb4 33. Rd1
Rf8 34. Qe3 Rfc8 35. d6 Rc6 36. Bd5 Rc2+ 37. Kf1 Rf8 38. d7 Rc3 39. Qg5 Bc5 40.
f3 Be3 41. Qh5 Rc5 42. Qh4 Rc1 43. Qe1+ 1-0

[Event "Challenge"]
[Site "http://www.queenalice.com/game.php?id=756686"]
[Date "2010.4.5"]
[Round "-"]
[White "Xmen"]
[Black "gomonkey"]
[Result "1-0"]
[WhiteElo "1673"]
[BlackElo "1618"]

1. d4 d5 2. Nc3 e6 3. Nf3 c5 4. Bf4 Nc6 5. Nb5 Qa5+ 6. Nc3 c4 7. a3 Qb6 8. Na4
Qa5+ 9. c3 b5 10. b4 Qxa4 11. Qxa4 bxa4 12. O-O-O a5 13. g3 f6 14. g4 axb4 15.
cxb4 Nxb4 16. Rd2 c3 17. Rd1 Na2+ 18. Kb1 1-0

[Event "Challenge"]
[Site "http://www.queenalice.com/game.php?id=756997"]
[Date "2010.4.6"]
[Round "-"]
[White "APSHOOTER"]
[Black "gomonkey"]
[Result "1/2-1/2"]
[WhiteElo "1728"]
[BlackElo "1622"]

1. e4 c5 2. Bc4 e5 3. Nc3 d6 4. Nd5 Be6 5. d3 Nc6 6. Nf3 Nd4 7. Be3 h6 8. h3
Qa5+ 9. Bd2 Qa4 10. Nc7+ Kd8 11. Nxa8 Bxc4 12. Nxd4 Bxd3 13. cxd3 Qxd4 14. Be3
Qb4+ 15. Qd2 a5 16. Qxb4 axb4 17. Nb6 Nf6 18. a3 b3 19. a4 Be7 20. O-O Kc7 21.
a5 Kc6 22. a6 Kxb6 23. a7 Ra8 24. Ra3 Rxa7 25. Rxa7 Kxa7 26. Ra1+ Kb8 27. Ra3
Nd7 28. Rxb3 Nf6 29. Rb6 d5 30. f3 d4 31. Bd2 Bd8 32. Rd6 Bc7 33. Rxf6 gxf6 34.
Bxh6 b5 35. Bf8 c4 36. dxc4 bxc4 37. Bb4 Bb6 38. Kf1 d3 39. Ke1 Bd4 40. h4 Bxb2
41. Kd2 Bd4 42. Bc3 Bc5 43. h5 Bf8 44. Ba5 Bh6+ 45. Kc3 Kb7 46. Kxc4 d2 47. Bxd2
Bxd2 48. Kd5 Kc7 49. g3 Bg5 50. g4 Kd7 51. Kc4 Kd6 52. Kb4 Bf4 53. Kc4 Ke6
1/2-1/2

[Event "italian style"]
[Site "http://www.queenalice.com/game.php?id=773852"]
[Date "2010.5.11"]
[Round "-"]
[White "andrealoi"]
[Black "gomonkey"]
[Result "1-0"]
[WhiteElo "1959"]
[BlackElo "1599"]

1. d4 d5 2. c4 dxc4 3. e4 e6 4. Bxc4 e5 5. Qh5 Qe7 6. dxe5 Be6 7. Bxe6 Qxe6 8.
Bd2 Nc6 9. Nf3 O-O-O 10. Nc3 Qd7 11. Rd1 1-0